000 00736nam a22001577a 4500
999 _c520894
_d520894
008 221026b ||||| |||| 00| 0 eng d
100 _aRakshit, Moloy
_935591
245 _aBhakti & nationalist movement
260 _aYojana
300 _a66(10), Oct, 2022: p.45-47
520 _aThe song, Vande Mataram, written originally in 1875, was used by Bankim Chandra in his novel Anand Marth, in 1882 Bankim believed that this songs could course waves cross the entirety of Indian and it come to be ranked almost as the national anthem since 1905 when it was provided a melody by Robindarnath Togore. – Reproduced
650 _aBhakti, Nationalist movement
_935592
773 _aYojana
906 _aINDIA - HISTORY
942 _cAR